[Event "Istanbul op-B"]
[Site "Istanbul"]
[Date "2018.09.06"]
[Round "7"]
[White "Mehrinejad, Mansour"]
[Black "Bayramov, Araz"]
[Result "1/2-1/2"]
[WhiteElo "1839"]
[BlackElo "1750"]
[PlyCount "109"]
[EventDate "2018.09.02"]
[EventType "swiss"]
[EventRounds "9"]
[EventCountry "TUR"]
[SourceTitle "CBM 186 Extra"]
[Source "ChessBase"]
[SourceDate "2018.08.24"]
[SourceVersion "1"]
[SourceVersionDate "2018.08.24"]
[SourceQuality "1"]

1. d4 d5 2. Bg5 Nf6 3. Nf3 e6 4. e3 c5 5. c3 Nbd7 6. Bd3 Be7 7. Nbd2 b6 8. 0-0 0-0 9. Ne5 Bb7 10. Nxd7 Nxd7 11. Bf4 Bf6 12. Nf3 a5 13. Qe2 c4 14. Bc2 b5 15. e4 dxe4 16. Bxe4 Bxe4 17. Qxe4 Nb6 18. Rfd1 Nd5 19. Be5 b4 20. Rac1 bxc3 21. bxc3 a4 22. Qe2 Rc8 23. Bxf6 Nxf6 24. Ne5 Qa5 25. Rd2 Nd5 26. Rdc2 Rc7 27. h4 a3 28. h5 Qa6 29. h6 g6 30. Re1 f6 31. Nf3 Kf7 32. Qe4 Qc6 33. g4 Ne7 34. Qe3 g5 35. Rce2 Nd5 36. Qe4 Kg8 37. Rc2 Nf4 38. Qe3 Rb8 39. d5 Nxd5 40. Qxe6+ Qxe6 41. Rxe6 Rb2 42. Ree2 Rcb7 43. Nd4 Rxc2 44. Rxc2 Nf4 45. f3 Kf7 46. Kf2 Rb1 47. Ke3 Kg6 48. Nf5 Rb2 49. Kd2 Rb1 50. Ne3 Rh1 51. Nxc4 Rh2+ 52. Kd1 Rh1+ 53. Kd2 Rh2+ 54. Kd1 Rh1+ 55. Kd2 1/2-1/2